000 00616nam a2200217Ia 4500
003 IN-BaIIA
008 211028s9999 xx 000 0 eng d
020 _a0-7181-2298-4
040 _cIIA Library
080 _a52
_bHOY
100 _aHoyle, Fred
_92304
245 4 _aThe intelligent universe
_cFred Hoyle
260 _aLondon
_bMichael Joseph
_c1983
300 _a256p.
650 _aAstronomy
_980
650 _aAstronomy and astrophysics thesaurus
650 _aCosmology
650 _aLarge scale structure
_93362
650 _aUniverse
_91987
942 _cBK
999 _c7884
_d7884